[Event "Vaduz ESNA 4th"]
[Site "Vaduz"]
[Date "2022.09.28"]
[Round "6"]
[White "Frick, Renato"]
[Black "Volpinari, Danilo"]
[Result "1/2-1/2"]
[WhiteElo "1875"]
[BlackElo "1929"]
[PlyCount "74"]
[EventDate "2022.09.25"]
[EventType "tourn"]
[EventRounds "9"]
[EventCountry "LIE"]
[SourceTitle "CBM 210 Extra"]
[Source "ChessBase"]
[SourceDate "2022.11.30"]
[SourceVersion "1"]
[SourceVersionDate "2022.11.30"]
[SourceQuality "1"]

1. e4 c5 2. Nf3 g6 3. d4 cxd4 4. Nxd4 Bg7 5. Nc3 Nc6 6. Be3 Nf6 7. Bc4 0-0 8. Bb3 Re8 9. h3 e6 10. Qd2 d5 11. exd5 Nxd5 12. Nxd5 Nxd4 13. Nc3 Nxb3 14. axb3 Qxd2+ 15. Bxd2 Bd7 16. Be3 Bc6 17. f3 a6 18. 0-0-0 Red8 19. Rxd8+ Rxd8 20. Rd1 Rxd1+ 21. Nxd1 f5 22. Nf2 Kf7 23. c3 e5 24. Kd2 Ke6 25. Ke2 Bf6 26. g3 Bb5+ 27. c4 Bc6 28. Nd1 g5 29. Bd2 h5 30. Nc3 Be7 31. Be3 Bf6 32. Bd2 Kd6 33. Be3 Ke6 34. Bd2 g4 35. hxg4 hxg4 36. fxg4 fxg4 37. Be3 Kf5 1/2-1/2

[Event "Olympiad-44"]
[Site "Chennai"]
[Date "2022.07.29"]
[Round "1.1"]
[White "Ziska, Helgi Dam"]
[Black "Volpinari, Danilo"]
[Result "1-0"]
[WhiteElo "2549"]
[BlackElo "1955"]
[PlyCount "39"]
[EventDate "2022.07.29"]
[EventType "team-swiss"]
[EventRounds "11"]
[EventCountry "IND"]
[SourceTitle "CBM 210"]
[Source "ChessBase"]
[SourceDate "2022.10.31"]
[SourceVersion "1"]
[SourceVersionDate "2022.10.31"]
[SourceQuality "1"]
[WhiteTeam "Faroe Islands"]
[BlackTeam "San Marino"]
[WhiteTeamCountry "FAI"]
[BlackTeamCountry "SMR"]

1. e4 c5 2. Nf3 g6 3. c3 Bg7 4. d4 cxd4 5. cxd4 d5 6. e5 Nc6 7. h3 Nh6 8. Bb5 Qb6 9. Nc3 0-0 10. Bf4 e6 11. Qd2 Nf5 12. Bxc6 Qxc6 13. g4 Ne7 14. h4 Bd7 15. h5 Rac8 16. Bg5 Rfe8 17. Bf6 Bf8 18. hxg6 fxg6 19. Qf4 Qc4 20. Rxh7 1-0

[Event "Split op 10th"]
[Site "Split"]
[Date "2021.08.01"]
[Round "3"]
[White "Zelcic, Robert"]
[Black "Volpinari, Danilo"]
[Result "1-0"]
[WhiteElo "2530"]
[BlackElo "1940"]
[PlyCount "67"]
[EventDate "2021.07.31"]
[EventType "swiss"]
[EventRounds "9"]
[EventCountry "CRO"]
[SourceTitle "CBM 203 Extra"]
[Source "ChessBase"]
[SourceDate "2021.09.30"]
[SourceVersion "1"]
[SourceVersionDate "2021.09.30"]
[SourceQuality "1"]

1. e4 c6 2. d4 d5 3. Nc3 dxe4 4. Nxe4 Nf6 5. Nxf6+ exf6 6. c3 Bd6 7. Bd3 0-0 8. Qc2 Re8+ 9. Ne2 h5 10. 0-0 h4 11. h3 Nd7 12. Bd2 Nf8 13. Rae1 Bd7 14. c4 c5 15. dxc5 Bxc5 16. b4 Bd6 17. c5 Rc8 18. Nc3 Bb8 19. Rxe8 Bxe8 20. Bf5 Bd7 21. Be3 Qc7 22. f4 Re8 23. Nd5 Qc6 24. Bxd7 Qxd7 25. Rd1 Qe6 26. f5 Qe4 27. Qxe4 Rxe4 28. b5 Ne6 29. fxe6 fxe6 30. Nxf6+ gxf6 31. Rd8+ Kf7 32. Rxb8 Rxe3 33. Rxb7+ Kg6 34. Rxa7 1-0

[Event "Online Olym Base B"]
[Site "Chess.com INT"]
[Date "2020.07.26"]
[Round "6.3"]
[White "Volpinari, Danilo"]
[Black "Alhousseyni, Hasseye"]
[Result "1-0"]
[WhiteElo "1952"]
[BlackElo "1931"]
[PlyCount "137"]
[EventDate "2020.07.25"]
[EventType "team-tourn (rapid)"]
[EventRounds "9"]
[EventCountry "USA"]
[SourceTitle "CBM 198"]
[Source "ChessBase"]
[SourceDate "2020.10.31"]
[SourceVersion "1"]
[SourceVersionDate "2020.10.31"]
[SourceQuality "1"]
[WhiteTeam "San Marino"]
[BlackTeam "Mali"]
[WhiteTeamCountry "SMR"]
[BlackTeamCountry "MLI"]

1. d4 Nf6 2. Bg5 Ne4 3. Bf4 d5 4. e3 Bf5 5. Bd3 Bg6 6. c4 c6 7. Qb3 b6 8. cxd5 cxd5 9. Bxb8 Qxb8 10. Bb5+ Kd8 11. Qxd5+ Nd6 12. Bc6 e6 13. Qf3 Qc7 14. Bxa8 Qc1+ 15. Qd1 Qxb2 16. Nd2 Nb5 17. Qc1 Qb4 18. a3 Qa5 19. a4 Nc3 20. Ne2 Bb4 21. Nxc3 Bxc3 22. Ra3 Bb4 23. Ra2 Bd3 24. Bb7 Ke7 25. Qc7+ Kf6 26. Qe5+ Qxe5 27. dxe5+ Kxe5 28. Kd1 Rd8 29. Nf3+ Kf6 30. Nd4 Bc4 31. Rb2 Bc3 32. Kc2 Bxb2 33. Kxb2 e5 34. Nc2 Be6 35. Be4 Rd2 36. f4 exf4 37. exf4 g6 38. Rf1 Kg7 39. Kc3 Rd8 40. Bd3 h5 41. h3 Rc8+ 42. Kd2 Rd8 43. Ke3 Rc8 44. Nd4 Ba2 45. f5 gxf5 46. Nxf5+ Kf8 47. Nd6 Rc7 48. Rf5 Re7+ 49. Kf4 Kg7 50. Rxh5 Be6 51. Nf5+ Bxf5 52. Rxf5 Rc7 53. g4 Re7 54. Re5 Rc7 55. h4 f6 56. Rd5 Re7 57. Bf5 Rc7 58. Rd7+ Rxd7 59. Bxd7 Kg6 60. h5+ Kg7 61. Ke4 Kf8 62. Kd5 Ke7 63. Kc6 Kf8 64. Bf5 Kg7 65. Kb7 Kh6 66. Kxa7 Kg5 67. Kxb6 Kh6 68. a5 Kg7 69. a6 1-0

[Event "Online Olym Base B"]
[Site "Chess.com INT"]
[Date "2020.07.25"]
[Round "3.5"]
[White "Jacob, Jallah"]
[Black "Volpinari, Danilo"]
[Result "0-1"]
[WhiteElo "1902"]
[BlackElo "1952"]
[PlyCount "124"]
[EventDate "2020.07.25"]
[EventType "team-tourn (rapid)"]
[EventRounds "9"]
[EventCountry "USA"]
[SourceTitle "CBM 198"]
[Source "ChessBase"]
[SourceDate "2020.10.31"]
[SourceVersion "1"]
[SourceVersionDate "2020.10.31"]
[SourceQuality "1"]
[WhiteTeam "Liberia"]
[BlackTeam "San Marino"]
[WhiteTeamCountry "LBR"]
[BlackTeamCountry "SMR"]

1. c4 c6 2. Nc3 d5 3. cxd5 cxd5 4. d4 Nf6 5. g3 Bf5 6. Bg2 Nc6 7. a3 e6 8. Nf3 h6 9. 0-0 Be7 10. Nh4 Bh7 11. Nf3 0-0 12. b4 Rc8 13. Bb2 Nd7 14. e3 Nb6 15. Nd2 a6 16. Re1 Bf6 17. Rc1 Na7 18. Na4 Rxc1 19. Bxc1 Nb5 20. Nc5 Qe7 21. Qb3 Nd6 22. Bf1 Rc8 23. a4 Nd7 24. Bb2 h5 25. e4 dxe4 26. Ndxe4 Nxe4 27. Nxe4 Bxe4 28. Rxe4 Qd6 29. a5 Qc6 30. Bd3 g6 31. Re1 Kg7 32. Rc1 Qxc1+ 33. Bxc1 Rxc1+ 34. Kg2 Bxd4 35. Be4 Nf6 36. Bxb7 Ng4 37. Qd3 e5 38. Qxa6 Rc2 39. Qf1 Rxf2+ 40. Qxf2 Nxf2 41. a6 Ba7 42. b5 Nd3 43. Be4 Nc5 44. Bc6 f5 45. Kf1 Kf6 46. Ke2 e4 47. Be8 Ne6 48. Bd7 Nd4+ 49. Kd2 Nf3+ 50. Ke2 Nxh2 51. Be8 Nf3 52. Bc6 Ne5 53. Bd5 Ke7 54. Bb3 Kd6 55. Bg8 Kc5 56. Ke3 Kxb5+ 57. Kf4 Nd3+ 58. Kg5 e3 59. Bh7 e2 60. Bxg6 e1Q 61. Bxf5 Qxg3+ 62. Kxh5 Nf4+ 0-1

[Event "Online Olym Base B"]
[Site "Chess.com INT"]
[Date "2020.07.25"]
[Round "2.1"]
[White "Volpinari, Danilo"]
[Black "Al Ghasra, Ali"]
[Result "0-1"]
[WhiteElo "1952"]
[BlackElo "2048"]
[PlyCount "112"]
[EventDate "2020.07.25"]
[EventType "team-tourn (rapid)"]
[EventRounds "9"]
[EventCountry "USA"]
[SourceTitle "CBM 198"]
[Source "ChessBase"]
[SourceDate "2020.10.31"]
[SourceVersion "1"]
[SourceVersionDate "2020.10.31"]
[SourceQuality "1"]
[WhiteTeam "San Marino"]
[BlackTeam "Bahrain"]
[WhiteTeamCountry "SMR"]
[BlackTeamCountry "BHN"]

1. d4 Nf6 2. Bf4 d5 3. e3 e6 4. Nd2 c5 5. c3 Nc6 6. Ngf3 Be7 7. Bd3 Qb6 8. Rb1 c4 9. Bc2 Qa6 10. a3 Bd7 11. Qe2 b5 12. e4 dxe4 13. Nxe4 Nxe4 14. Qxe4 f5 15. Qe2 0-0 16. 0-0 Rae8 17. Rfe1 Qb7 18. Rbd1 a6 19. Bb1 Bc8 20. h4 h6 21. h5 Rd8 22. Qe3 Bf6 23. Ne5 Bxe5 24. dxe5 Qf7 25. Qf3 Bb7 26. Qh3 Ne7 27. Rd6 Nd5 28. Bc1 Qe7 29. Rxd8 Qxd8 30. Qg3 Kh8 31. Qg6 Qe8 32. Qxe8 Rxe8 33. f3 Rf8 34. Kf2 Kh7 35. Rh1 Bc6 36. Bc2 Kg8 37. Rh4 Rd8 38. Rd4 Kf7 39. Rd1 Rf8 40. Rd4 Rd8 41. Rd1 Ke7 42. Rd4 Be8 43. Rh4 Bc6 44. Rd4 Be8 45. Rh4 Rc8 46. g4 fxg4 47. Rxg4 Kf8 48. Bg6 Ne7 49. Bxe8 Rxe8 50. Rd4 Nd5 51. Rg4 Kf7 52. Rg6 Rd8 53. Rg4 Ne7 54. Ke2 Rd5 55. Re4 Nf5 56. Kf2 Rd3 0-1

[Event "EU-ch Online U2300 Qual"]
[Site "Chess.com INT"]
[Date "2020.05.25"]
[Round "5"]
[White "Volpinari, Danilo"]
[Black "Evans, Kevin"]
[Result "0-1"]
[WhiteElo "1952"]
[BlackElo "2081"]
[PlyCount "62"]
[EventDate "2020.05.25"]
[EventType "swiss"]
[EventRounds "8"]
[EventCountry "NET"]
[SourceTitle "EXT 2021"]
[Source "ChessBase"]
[SourceDate "2020.10.23"]
[SourceVersion "1"]
[SourceVersionDate "2020.10.23"]
[SourceQuality "1"]

1. d4 d5 2. Bf4 Nf6 3. e3 c5 4. c3 Qb6 5. Qb3 Nbd7 6. Nf3 g6 7. Nbd2 Bg7 8. h3 0-0 9. Be2 Qd8 10. Bh2 b6 11. a4 a6 12. 0-0 Bb7 13. Ne5 c4 14. Qc2 b5 15. f4 e6 16. g4 Ne4 17. Bf3 Nxd2 18. Qxd2 Nxe5 19. fxe5 Qh4 20. Kg2 Bc6 21. Bg3 Qe7 22. axb5 axb5 23. Qf2 b4 24. Bh4 g5 25. Bg3 bxc3 26. bxc3 Ra3 27. Rxa3 Qxa3 28. Qd2 Rb8 29. Rc1 Ba4 30. Bd1 Rb2 31. Bc2 Qa2 0-1

[Event "EU Small Countries ol 6th"]
[Site "San Marino"]
[Date "2019.03.27"]
[Round "6.3"]
[White "Volpinari, Danilo"]
[Black "De la Riva Aguado, Oscar"]
[Result "0-1"]
[WhiteElo "1998"]
[BlackElo "2459"]
[PlyCount "60"]
[EventDate "2019.03.24"]
[EventType "team-tourn"]
[EventRounds "9"]
[EventCountry "SMR"]
[SourceTitle "CBM 189 Extra"]
[Source "ChessBase"]
[SourceDate "2019.06.03"]
[SourceVersion "1"]
[SourceVersionDate "2019.06.03"]
[SourceQuality "1"]
[WhiteTeam "San Marino"]
[BlackTeam "Andorra"]
[WhiteTeamCountry "SMR"]
[BlackTeamCountry "AND"]

1. d4 f5 2. g3 g6 3. Bg2 Bg7 4. Nf3 Nf6 5. c4 0-0 6. Nc3 d6 7. 0-0 c6 8. b3 Na6 9. Bb2 Bd7 10. e3 Re8 11. d5 e5 12. dxe6 Bxe6 13. Qe2 Qe7 14. Rfd1 Rad8 15. Rac1 Nc5 16. Ba3 Nce4 17. Nxe4 fxe4 18. Ne1 Bg4 19. f3 exf3 20. Bxf3 Qxe3+ 21. Qxe3 Rxe3 22. Bxg4 Nxg4 23. Rxd6 Rde8 24. Bb4 Bf8 25. c5 Bxd6 26. cxd6 Ne5 27. Bd2 Re2 28. Rd1 Nf7 29. Kf1 Nxd6 30. Nf3 Ne4 0-1

[Event "EU Small Countries ol 6th"]
[Site "San Marino"]
[Date "2019.03.24"]
[Round "1.1"]
[White "Volpinari, Danilo"]
[Black "Wojciechowski, Paul"]
[Result "1/2-1/2"]
[WhiteElo "1998"]
[BlackElo "1912"]
[PlyCount "53"]
[EventDate "2019.03.24"]
[EventType "team-tourn"]
[EventRounds "9"]
[EventCountry "SMR"]
[SourceTitle "CBM 189 Extra"]
[Source "ChessBase"]
[SourceDate "2019.06.03"]
[SourceVersion "1"]
[SourceVersionDate "2019.06.03"]
[SourceQuality "1"]
[WhiteTeam "San Marino"]
[BlackTeam "Jersey"]
[WhiteTeamCountry "SMR"]
[BlackTeamCountry "GCI"]

1. e4 c5 2. c3 d5 3. exd5 Qxd5 4. d4 Nc6 5. Nf3 Nf6 6. Be2 e6 7. 0-0 Be7 8. Na3 0-0 9. Nc2 Qd8 10. dxc5 Bxc5 11. b4 Bd6 12. Bg5 Qc7 13. Bxf6 gxf6 14. g3 Rd8 15. Qc1 Bf8 16. Qe3 b6 17. Rac1 Bb7 18. a3 Rac8 19. Nce1 Ne7 20. c4 Nd5 21. Qb3 f5 22. Nd3 Nf6 23. Rfd1 Ne4 24. Nf4 Bg7 25. Nh5 Bh8 26. Qe3 Qe7 27. Qh6 1/2-1/2

[Event "Olympiad-43"]
[Site "Batumi"]
[Date "2018.10.01"]
[Round "7.81"]
[White "Ntagasigumwami, Deo"]
[Black "Volpinari, Danilo"]
[Result "1/2-1/2"]
[WhiteElo "1720"]
[BlackElo "1985"]
[PlyCount "68"]
[EventDate "2018.09.24"]
[EventType "team-swiss"]
[EventRounds "11"]
[EventCountry "GEO"]
[SourceTitle "CBM 187"]
[Source "ChessBase"]
[SourceDate "2018.12.11"]
[SourceVersion "1"]
[SourceVersionDate "2018.12.11"]
[SourceQuality "1"]
[WhiteTeam "Burundi"]
[BlackTeam "San Marino"]
[WhiteTeamCountry "BRI"]
[BlackTeamCountry "SMR"]

1. e4 c5 2. Nf3 e6 3. d4 cxd4 4. Nxd4 Nc6 5. c3 Qc7 6. f4 a6 7. Nb3 d6 8. Be3 Nf6 9. Bd3 Be7 10. N1d2 0-0 11. g4 Ne8 12. h4 Qd8 13. Nf3 b5 14. Qd2 Bb7 15. Qf2 Nf6 16. Qg2 Rc8 17. h5 Na5 18. Nfd2 Nc4 19. Bxc4 bxc4 20. Nd4 Nd7 21. N4f3 Qa5 22. h6 g6 23. f5 Nc5 24. Bxc5 Qxc5 25. Qf2 Qxf2+ 26. Kxf2 Rfd8 27. Rae1 e5 28. Kg3 Rc5 29. Rh2 Rdc8 30. g5 Ra5 31. a3 Rb5 32. Nf1 Rbc5 33. f6 Bd8 34. Rd2 Bc7 1/2-1/2

[Event "EU Small Countries ol 5th"]
[Site "Andorra"]
[Date "2017.11.17"]
[Round "8.2"]
[White "Frick, Renato"]
[Black "Volpinari, Danilo"]
[Result "1/2-1/2"]
[WhiteElo "1997"]
[BlackElo "1976"]
[PlyCount "113"]
[EventDate "2017.11.12"]
[EventType "team-tourn"]
[EventRounds "9"]
[EventCountry "AND"]
[SourceTitle "CBM 181 Extra"]
[Source "ChessBase"]
[SourceDate "2017.12.12"]
[SourceVersion "1"]
[SourceVersionDate "2017.12.12"]
[SourceQuality "1"]
[WhiteTeam "Liechtenstein"]
[BlackTeam "San Marino"]
[WhiteTeamCountry "LIE"]
[BlackTeamCountry "SMR"]

1. e4 c5 2. Nf3 e6 3. d4 cxd4 4. Nxd4 Nc6 5. Nc3 Qc7 6. Be2 Nf6 7. 0-0 Be7 8. Be3 0-0 9. Kh1 d6 10. f4 Nxd4 11. Bxd4 e5 12. Be3 b6 13. Bd3 Bb7 14. Qf3 Rad8 15. Rae1 Qc8 16. Nd5 Bxd5 17. exd5 Qg4 18. c4 Qxf3 19. gxf3 Nd7 20. Bf5 Bf6 21. Bxd7 Rxd7 22. Re2 Re8 23. f5 Rde7 24. Kg2 Rc8 25. Rc2 Rec7 26. Rfc1 Be7 27. b4 h6 28. f4 Bf6 29. c5 bxc5 30. bxc5 dxc5 31. d6 Rc6 32. Rxc5 Rxc5 33. Rxc5 Rxc5 34. Bxc5 exf4 35. Bxa7 Kf8 36. Kf3 Ke8 37. Ke4 Kd7 38. Bd4 f3 39. Bf2 Kxd6 40. Bg3+ Kc5 41. Kxf3 Kd5 42. Bc7 g6 43. fxg6 fxg6 44. Bb6 Be5 45. h3 Bf6 46. Bc7 h5 47. Kf4 g5+ 48. Kf5 g4 49. hxg4 hxg4 50. Kxf6 Kc6 51. Bg3 Kb7 52. Ke6 Ka8 53. Kd7 Kb7 54. Kd6 Ka8 55. Kc6 Ka7 56. a4 Ka8 57. Kb6 1/2-1/2

[Event "Olympiad-42"]
[Site "Baku"]
[Date "2016.09.04"]
[Round "3.4"]
[White "McFarland, Malcolm"]
[Black "Volpinari, Danilo"]
[Result "0-1"]
[WhiteElo "1764"]
[BlackElo "1976"]
[PlyCount "99"]
[EventDate "2016.09.02"]
[EventType "team-swiss"]
[EventRounds "11"]
[EventCountry "AZE"]
[SourceTitle "CBM 175"]
[Source "ChessBase"]
[SourceDate "2016.11.10"]
[SourceVersion "1"]
[SourceVersionDate "2016.11.10"]
[SourceQuality "1"]
[WhiteTeam "Guam"]
[BlackTeam "San Marino"]
[WhiteTeamCountry "GMA"]
[BlackTeamCountry "SMR"]

1. d4 Nf6 2. Nf3 c5 3. d5 d6 4. e3 a6 5. a4 g6 6. Nc3 Bg7 7. Be2 0-0 8. 0-0 e6 9. e4 exd5 10. exd5 Re8 11. Bd3 Nbd7 12. Re1 Rxe1+ 13. Qxe1 Nb6 14. Bg5 h6 15. Bh4 Qc7 16. Bxf6 Bxf6 17. Qe8+ Kg7 18. a5 Nd7 19. Qe4 Ne5 20. Nxe5 Bxe5 21. Qe1 Bd7 22. Qd2 Re8 23. Ra2 Qd8 24. Ne4 Qh4 25. g3 Qe7 26. Nc3 Bh3 27. Bf1 Bf5 28. Ra1 Bd4 29. Bd3 Bh3 30. Bf1 Bd7 31. Bd3 Bg4 32. Bf1 Qf6 33. Re1 Rxe1 34. Qxe1 Bd7 35. Bd3 h5 36. Bf1 h4 37. Be2 Qe7 38. Qd2 Bf5 39. Bd3 Bh3 40. Qe2 Qf6 41. Ne4 Qe7 42. c3 Bf6 43. Nxf6 Qxe2 44. Bxe2 Kxf6 45. f4 g5 46. Kf2 gxf4 47. gxf4 Kf5 48. Ke3 Bg2 49. c4 Bh3 50. Bd3+ 0-1

[Event "EU-ch Small Nations zt 1.10"]
[Site "Luxembourg"]
[Date "2016.04.09"]
[Round "10"]
[White "Villegas, Pierre"]
[Black "Volpinari, Danilo"]
[Result "1-0"]
[WhiteElo "2373"]
[BlackElo "2003"]
[PlyCount "55"]
[EventDate "2016.04.02"]
[EventType "tourn"]
[EventRounds "11"]
[EventCountry "LUX"]
[SourceTitle "CBM 171 Extra"]
[Source "ChessBase"]
[SourceDate "2016.04.26"]
[SourceVersion "1"]
[SourceVersionDate "2016.04.26"]
[SourceQuality "1"]

1. d4 c5 2. d5 g6 3. e4 Bg7 4. Nc3 d6 5. Bb5+ Bd7 6. a4 Bxb5 7. axb5 Nd7 8. Qe2 Ngf6 9. Nf3 0-0 10. 0-0 Ne8 11. Bf4 Nc7 12. Rad1 Nb6 13. Rfe1 Qd7 14. e5 Rfe8 15. e6 fxe6 16. dxe6 Qd8 17. Ng5 Rf8 18. Bxd6 exd6 19. e7 Qd7 20. exf8Q+ Rxf8 21. Qe7 Qf5 22. Qxc7 Qxg5 23. Qxd6 Bd4 24. Qe6+ Kh8 25. Ne4 Qf4 26. Re2 Nc8 27. c3 Bg7 28. g3 1-0

[Event "EU-ch Small Nations zt 1.10"]
[Site "Luxembourg"]
[Date "2016.04.04"]
[Round "4"]
[White "Volpinari, Danilo"]
[Black "Berend, Fred"]
[Result "0-1"]
[WhiteElo "2003"]
[BlackElo "2340"]
[PlyCount "102"]
[EventDate "2016.04.02"]
[EventType "tourn"]
[EventRounds "11"]
[EventCountry "LUX"]
[SourceTitle "CBM 171 Extra"]
[Source "ChessBase"]
[SourceDate "2016.04.26"]
[SourceVersion "1"]
[SourceVersionDate "2016.04.26"]
[SourceQuality "1"]

1. e4 e6 2. d4 d5 3. exd5 exd5 4. Bd3 Bd6 5. Nf3 Ne7 6. Bg5 Nd7 7. 0-0 Nf8 8. Re1 Bg4 9. c3 Qd7 10. Nbd2 Ne6 11. Bh4 0-0-0 12. Qc2 f6 13. Bg3 Nf4 14. Bxf4 Bxf4 15. Rxe7 Qxe7 16. Bf5+ Kb8 17. Bxg4 g6 18. Re1 Qg7 19. Nb3 h5 20. Bh3 Rhe8 21. g3 Bd6 22. Nc5 Rxe1+ 23. Nxe1 Bxc5 24. dxc5 d4 25. c6 Qg8 26. Qa4 Qe8 27. Nf3 d3 28. Bd7 d2 29. Nxd2 Qe2 30. Qb3 Qa6 31. Ne4 Qb6 32. Qxb6 axb6 33. Nxf6 bxc6 34. Bxc6 Rd6 35. Nd7+ Kc8 36. Ba4 Rd2 37. Ne5 Rxb2 38. Bb3 c5 39. Nxg6 b5 40. Be6+ Kc7 41. f4 Kd6 42. f5 c4 43. Bg8 b4 44. Bxc4 bxc3 45. Nf4 Ke5 46. f6 c2 47. Nd3+ Kxf6 48. a4 Kf5 49. h3 Ke4 50. g4 Kd4 51. Ba6 Rb6 0-1

[Event "EU-ch Small Nations zt 1.10"]
[Site "Luxembourg"]
[Date "2016.04.03"]
[Round "2"]
[White "Volpinari, Danilo"]
[Black "Michaelides, Konstantinos"]
[Result "0-1"]
[WhiteElo "2003"]
[BlackElo "2023"]
[PlyCount "82"]
[EventDate "2016.04.02"]
[EventType "tourn"]
[EventRounds "11"]
[EventCountry "LUX"]
[SourceTitle "CBM 171 Extra"]
[Source "ChessBase"]
[SourceDate "2016.04.26"]
[SourceVersion "1"]
[SourceVersionDate "2016.04.26"]
[SourceQuality "1"]

1. e4 e6 2. d3 c5 3. Nf3 Nc6 4. Nbd2 g6 5. g3 Bg7 6. Bg2 Nge7 7. 0-0 0-0 8. Re1 d6 9. Nf1 h6 10. h4 f5 11. c3 e5 12. Ne3 f4 13. Nd5 Nxd5 14. exd5 Ne7 15. Nd2 b6 16. a4 Bb7 17. Qb3 Qe8 18. Rf1 fxg3 19. fxg3 Rxf1+ 20. Nxf1 Qf7 21. c4 Nf5 22. Be3 g5 23. hxg5 hxg5 24. Re1 Qh5 25. Qd1 g4 26. Nh2 Nxe3 27. Rxe3 Bc8 28. Be4 Bd7 29. Re1 Qh3 30. Nf1 Rf8 31. Re2 Bh6 32. Rh2 Rxf1+ 33. Qxf1 Be3+ 34. Rf2 Qxg3+ 35. Bg2 Bf5 36. Qe2 Bxf2+ 37. Qxf2 Qxf2+ 38. Kxf2 Bxd3 39. Kg3 Kg7 40. Kxg4 Kf6 41. a5 bxa5 0-1

[Event "Forio Festival Ischia 7th"]
[Site "Forio"]
[Date "2015.08.02"]
[Round "7.1"]
[White "Calabrese, Claudio"]
[Black "Volpinari, Danilo"]
[Result "1-0"]
[WhiteElo "2009"]
[BlackElo "2001"]
[PlyCount "75"]
[EventDate "2015.07.25"]
[EventType "tourn"]
[EventRounds "7"]
[EventCountry "ITA"]
[SourceTitle "EXT 2024"]
[Source "ChessBase"]
[SourceDate "2023.10.10"]
[SourceVersion "1"]
[SourceVersionDate "2023.10.10"]
[SourceQuality "1"]

1. d4 Nf6 2. c4 e6 3. Nf3 d5 4. Nc3 c6 5. cxd5 exd5 6. Bg5 Be7 7. e3 Bf5 8. Bd3 Bxd3 9. Qxd3 Nbd7 10. 0-0 0-0 11. Qf5 g6 12. Qc2 Re8 13. Rab1 Ne4 14. Bxe7 Qxe7 15. Nxe4 dxe4 16. Nd2 Nf6 17. Rfc1 Nd5 18. a3 h5 19. Qc5 Qe6 20. b4 a6 21. Nc4 Rad8 22. a4 h4 23. h3 g5 24. Ne5 f6 25. Ng4 f5 26. Ne5 g4 27. b5 cxb5 28. axb5 a5 29. Qa7 g3 30. Qxb7 gxf2+ 31. Kxf2 Re7 32. Qc6 Rd6 33. Qc8+ Kg7 34. Qxe6 Rexe6 35. Rc5 Nb4 36. Ke2 Nd3 37. Nxd3 exd3+ 38. Kxd3 1-0